000 00735nam a2200253Ia 4500
003 OSt
005 20220930075154.0
006 a|||||r|||| 00| 0
007 ta
008 220926b |||||||| |||| 00| 0 hin d
024 _a78963
037 _cTheses
040 _aCRL
_cCRL
_bhin
041 _2hin
_ahin
100 _aKhosla Ashu
_9535834
110 _aUniversity of Delhi. Faculty of Arts. Department of Sanskrit
245 0 _aPadampurana ke akhyoan ka sanskritik adhyayan
260 _c2002
650 _aSANSKRIT
700 _a Dr M M Aggarwal Gu.
_9535835
700 _aUniversity of Delhi. Faculty of Arts. Department of Sanskrit
942 _cDIS
_2CC
999 _c867790
_d867790